Statistics for Cities Closest to Niagara Falls

Click here to take the quiz!

General Stats

  • This quiz has been taken 73 times
  • The average score is 13 of 20

Answer Stats

KilometresCityMiles% Correct
29Buffalo18
93%
66Toronto41
93%
496New York City308
84%
337Detroit182
75%
280Cleveland174
74%
513Montreal319
72%
715Chicago444
70%
478Philadelphia297
70%
306Pittsburgh190
70%
118Rochester73
70%
659Boston409
68%
479Columbus297
68%
435Albany271
65%
372Ottawa231
65%
698Indianapolis443
63%
471Washington/Baltimore293
63%
637Cincinnati344
61%
545Hartford339
39%
537Grand Rapids334
25%
529Bridgeport329
18%

Score Distribution

Percentile by Number Answered

Percent of People with Each Score

Your Score History

You have not taken this quiz